[Event "Deutsche Ländermeisterschaft 2017"]
[Site "Hannover GER"]
[Date "2017.10.01"]
[Round "2"]
[White "Bräutigam, Katerina"]
[Black "Reichelt, Lena"]
[Result "0-1"]
[Termination "normal"]
[Board "3.8"]
[WhiteElo "1115"]
[BlackElo "1502"]
[WhiteClock "00:30:53"]
[BlackClock "00:24:11"]
[WhiteTeam "Schleswig-Holstein"]
[BlackTeam "Niedersachsen"]
[PlyCount "88"]
[WhiteFideId "16242980"]
[BlackFideId "12981184"]
[EventCountry "GER"]
[EventRounds "7"]
[EventType "team-swiss"]
[EventDate "2017.09.29"]

1. e4 c5 2. Be2 Nc6 3. d3 e6 4. c3 d5 5. exd5 exd5 6. Bf3 Nf6 7. Bf4 Bd6 8. Ne2
O-O 9. O-O Bxf4 10. Nxf4 Ne5 11. Be2 d4 12. c4 b6 13. Re1 Bb7 14. Nd2 Qd6 15.
Nh3 h6 16. Rc1 Rfe8 17. f3 Qc6 18. Ne4 Nxe4 19. fxe4 f5 20. Nf2 f4 21. Ng4 Ng6
22. Nf2 Rf8 23. Rf1 Rf6 24. Ng4 Rf7 25. h3 Raf8 26. b3 Qe6 27. Rc2 Re7 28. Rf2
Ne5 29. Nxe5 Qxe5 30. Bh5 Kh7 31. Rf1 g6 32. Bf3 Bc8 33. Bg4 Bb7 34. Rcf2 h5
35. Be2 Ref7 36. Qd2 Qg5 37. Bd1 Bc8 38. Rf3 Qh6 39. Qf2 g5 40. Qe2 g4 41. R3f2
g3 42. Rf3 Bg4 43. hxg4 hxg4 44. Rxg3 fxg3 0-1

[Event "Deutsche Ländermeisterschaft 2017"]
[Site "Hannover GER"]
[Date "2017.10.01"]
[Round "2"]
[White "Degenhard, Simon"]
[Black "Sawlin, Leonid"]
[Result "0-1"]
[Termination "normal"]
[Board "4.1"]
[BlackTitle "FM"]
[WhiteElo "2211"]
[BlackElo "2364"]
[WhiteClock "00:10:11"]
[BlackClock "00:52:45"]
[WhiteTeam "Württemberg"]
[BlackTeam "Berlin"]
[PlyCount "70"]
[WhiteFideId "12944017"]
[BlackFideId "4689542"]
[EventCountry "GER"]
[EventRounds "7"]
[EventType "team-swiss"]
[EventDate "2017.09.29"]

1. d4 {[%clk 1:30:57]} e6 {[%clk 1:30:55]} 2. c4 {[%clk 1:31:22]} d5 {[%clk
1:31:21]} 3. Nc3 {[%clk 1:31:46]} Be7 {[%clk 1:31:46]} 4. Nf3 {[%clk 1:31:49]}
Nf6 {[%clk 1:32:10]} 5. e3 {[%clk 1:24:09]} c6 {[%clk 1:32:28]} 6. Qc2 {[%clk
1:24:32]} O-O {[%clk 1:32:50]} 7. e4 {[%clk 1:23:36]} dxe4 {[%clk 1:31:54]} 8.
Nxe4 {[%clk 1:24:00]} Nxe4 {[%clk 1:25:40]} 9. Qxe4 {[%clk 1:24:05]} c5 {[%clk
1:26:05]} 10. dxc5 {[%clk 1:13:20]} Bxc5 {[%clk 1:26:20]} 11. Bd3 {[%clk
1:12:48]} f5 {[%clk 1:26:43]} 12. Qe2 {[%clk 1:12:35]} Nc6 {[%clk 1:25:44]} 13.
O-O {[%clk 1:02:12]} Qc7 {[%clk 1:18:23]} 14. a3 {[%clk 0:46:03]} e5 {[%clk
1:07:24]} 15. b4 {[%clk 0:45:05]} Bd4 {[%clk 1:07:45]} 16. Nxd4 {[%clk
0:44:11]} Nxd4 {[%clk 1:08:09]} 17. Qb2 {[%clk 0:32:19]} f4 {[%clk 1:04:31]}
18. f3 {[%clk 0:30:00]} Bf5 {[%clk 1:04:21]} 19. Bxf5 {[%clk 0:27:40]} Rxf5
{[%clk 1:04:29]} 20. c5 {[%clk 0:27:09]} b6 {[%clk 0:56:16]} 21. cxb6 {[%clk
0:17:55]} Qxb6 {[%clk 0:56:36]} 22. Qf2 {[%clk 0:16:35]} Rc8 {[%clk 0:56:18]}
23. Bb2 {[%clk 0:14:53]} Ne2+ {[%clk 0:54:48]} 24. Kh1 {[%clk 0:15:21]} Ng3+
{[%clk 0:54:37]} 25. hxg3 {[%clk 0:15:33]} Rh5+ {[%clk 0:54:53]} 26. Kg1 {[%clk
0:15:56]} Qh6 {[%clk 0:55:14]} 27. Qd2 {[%clk 0:14:57]} Rh1+ {[%clk 0:53:42]}
28. Kf2 {[%clk 0:15:19]} fxg3+ {[%clk 0:53:25]} 29. Ke2 {[%clk 0:15:25]} Qa6+
{[%clk 0:53:48]} 30. Qd3 {[%clk 0:13:37]} Rc2+ {[%clk 0:52:44]} 31. Ke3 {[%clk
0:13:53]} Qb6+ {[%clk 0:51:46]} 32. Bd4 {[%clk 0:12:51]} exd4+ {[%clk 0:51:36]}
33. Qxd4 {[%clk 0:10:45]} Rc3+ {[%clk 0:51:53]} 34. Ke4 {[%clk 0:11:09]} Qe6+
{[%clk 0:52:17]} 35. Kf4 {[%clk 0:10:11]} Rh4+ {[%clk 0:52:45]} 0-1

[Event "Deutsche Ländermeisterschaft 2017"]
[Site "Hannover GER"]
[Date "2017.10.01"]
[Round "2"]
[White "Schmidek, Emil"]
[Black "Wendler, David"]
[Result "1-0"]
[Termination "normal"]
[Board "4.2"]
[WhiteTitle "FM"]
[WhiteElo "2414"]
[BlackElo "2066"]
[WhiteClock "00:02:39"]
[BlackClock "00:00:58"]
[WhiteTeam "Berlin"]
[BlackTeam "Württemberg"]
[PlyCount "75"]
[WhiteFideId "12908150"]
[BlackFideId "12938360"]
[EventCountry "GER"]
[EventRounds "7"]
[EventType "team-swiss"]
[EventDate "2017.09.29"]

1. e4 {[%clk 1:30:57]} c5 {[%clk 1:30:37]} 2. Nf3 {[%clk 1:31:20]} Nc6 {[%clk
1:30:44]} 3. d4 {[%clk 1:31:45]} cxd4 {[%clk 1:30:59]} 4. Nxd4 {[%clk 1:32:07]}
Nf6 {[%clk 1:29:49]} 5. Nc3 {[%clk 1:32:32]} e5 {[%clk 1:29:02]} 6. Ndb5 {[%clk
1:32:52]} d6 {[%clk 1:29:03]} 7. Bg5 {[%clk 1:33:11]} a6 {[%clk 1:28:42]} 8.
Na3 {[%clk 1:33:35]} b5 {[%clk 1:28:37]} 9. Bxf6 {[%clk 1:33:53]} gxf6 {[%clk
1:26:08]} 10. Nd5 {[%clk 1:34:08]} f5 {[%clk 1:25:05]} 11. g3 {[%clk 1:34:25]}
fxe4 {[%clk 1:23:25]} 12. Bg2 {[%clk 1:34:40]} Be6 {[%clk 1:22:14]} 13. Bxe4
{[%clk 1:35:01]} Bg7 {[%clk 1:20:23]} 14. Qh5 {[%clk 1:35:21]} Rc8 {[%clk
1:19:45]} 15. c3 {[%clk 1:35:34]} Ne7 {[%clk 1:18:47]} 16. Rd1 {[%clk 1:35:35]}
Rc5 {[%clk 1:17:33]} 17. Nb4 {[%clk 1:35:06]} Qb6 {[%clk 1:11:52]} 18. Qg5
{[%clk 1:34:30]} Kf8 {[%clk 1:10:58]} 19. Qe3 {[%clk 1:34:30]} f5 {[%clk
0:36:28]} 20. Bg2 {[%clk 1:34:42]} e4 {[%clk 0:26:44]} 21. Nac2 {[%clk
1:32:43]} a5 {[%clk 0:23:11]} 22. Nd4 {[%clk 1:30:55]} Bc4 {[%clk 0:23:04]} 23.
Nbc2 {[%clk 1:17:43]} Kf7 {[%clk 0:17:53]} 24. Bh3 {[%clk 1:06:24]} Rf8 {[%clk
0:16:57]} 25. Bxf5 {[%clk 0:56:16]} Ke8 {[%clk 0:11:58]} 26. Be6 {[%clk
0:36:42]} Bd3 {[%clk 0:11:40]} 27. Bg4 {[%clk 0:27:21]} Bf6 {[%clk 0:06:04]}
28. Qh6 {[%clk 0:05:14]} Bxc2 {[%clk 0:04:22]} 29. Nxc2 {[%clk 0:03:50]} Rxc3
{[%clk 0:00:48]} 30. Ne3 {[%clk 0:03:28]} Rc5 {[%clk 0:00:42]} 31. Bh5+ {[%clk
0:03:31]} Ng6 {[%clk 0:01:06]} 32. Qxh7 {[%clk 0:03:36]} Rg5 {[%clk 0:00:35]}
33. Bxg6+ {[%clk 0:03:39]} Kd8 {[%clk 0:01:03]} 34. O-O {[%clk 0:03:18]} Qc6
{[%clk 0:00:39]} 35. Bxe4 {[%clk 0:03:27]} Qc5 {[%clk 0:00:41]} 36. Rd5 {[%clk
0:02:50]} Qb6 {[%clk 0:00:37]} 37. Qh6 {[%clk 0:02:19]} Re5 {[%clk 0:00:58]}
38. Qxf8+ {[%clk 0:02:39]} 1-0

[Event "Deutsche Ländermeisterschaft 2017"]
[Site "Hannover GER"]
[Date "2017.10.01"]
[Round "2"]
[White "Reindl, Arno"]
[Black "Lagunow, Raphael"]
[Result "0-1"]
[Termination "normal"]
[Board "4.3"]
[BlackTitle "FM"]
[WhiteElo "2083"]
[BlackElo "2357"]
[WhiteClock "01:10:00"]
[BlackClock "00:25:11"]
[WhiteTeam "Württemberg"]
[BlackTeam "Berlin"]
[PlyCount "50"]
[WhiteFideId "12946729"]
[BlackFideId "24652644"]
[EventCountry "GER"]
[EventRounds "7"]
[EventType "team-swiss"]
[EventDate "2017.09.29"]

1. e4 {[%clk 1:30:57]} c5 {[%clk 1:30:55]} 2. d4 {[%clk 1:31:17]} cxd4 {[%clk
1:31:16]} 3. c3 {[%clk 1:31:42]} Nf6 {[%clk 1:30:20]} 4. e5 {[%clk 1:32:02]}
Nd5 {[%clk 1:30:44]} 5. cxd4 {[%clk 1:32:23]} d6 {[%clk 1:31:03]} 6. Nf3 {[%clk
1:32:41]} Nc6 {[%clk 1:31:18]} 7. Bd3 {[%clk 1:32:44]} Ndb4 {[%clk 1:22:09]} 8.
Be2 {[%clk 1:28:24]} dxe5 {[%clk 0:57:42]} 9. a3 {[%clk 1:21:18]} e4 {[%clk
0:56:43]} 10. axb4 {[%clk 1:17:11]} exf3 {[%clk 0:56:59]} 11. gxf3 {[%clk
1:17:08]} Nxd4 {[%clk 0:48:48]} 12. Be3 {[%clk 1:17:13]} e5 {[%clk 0:48:49]}
13. Nc3 {[%clk 1:15:56]} Bxb4 {[%clk 0:45:46]} 14. Bxd4 {[%clk 1:15:02]} Qxd4
{[%clk 0:44:47]} 15. Bb5+ {[%clk 1:14:33]} Ke7 {[%clk 0:37:58]} 16. O-O {[%clk
1:12:24]} Bxc3 {[%clk 0:36:51]} 17. bxc3 {[%clk 1:12:43]} Qxd1 {[%clk 0:36:26]}
18. Rfxd1 {[%clk 1:13:05]} Be6 {[%clk 0:34:16]} 19. Re1 {[%clk 1:12:47]} Rhc8
{[%clk 0:30:20]} 20. Rxe5 {[%clk 1:12:07]} Rxc3 {[%clk 0:30:39]} 21. f4 {[%clk
1:12:13]} Kf6 {[%clk 0:30:33]} 22. Be2 {[%clk 1:11:17]} a6 {[%clk 0:29:04]} 23.
Rb1 {[%clk 1:11:21]} a5 {[%clk 0:25:48]} 24. Rxb7 {[%clk 1:10:18]} a4 {[%clk
0:25:49]} 25. Bh5 {[%clk 1:10:00]} g6 {[%clk 0:25:11]} 0-1

[Event "Deutsche Ländermeisterschaft 2017"]
[Site "Hannover GER"]
[Date "2017.10.01"]
[Round "2"]
[White "Wiesner, Paula"]
[Black "Yi, Danny"]
[Result "0-1"]
[Termination "normal"]
[Board "4.4"]
[WhiteElo "2013"]
[BlackElo "2070"]
[WhiteClock "00:20:32"]
[BlackClock "00:20:41"]
[WhiteTeam "Berlin"]
[BlackTeam "Württemberg"]
[PlyCount "119"]
[WhiteFideId "24654019"]
[BlackFideId "12988588"]
[EventCountry "GER"]
[EventRounds "7"]
[EventType "team-swiss"]
[EventDate "2017.09.29"]

1. d4 Nf6 2. Nd2 d5 3. e3 c5 4. dxc5 Qa5 5. c4 dxc4 6. Bxc4 e6 7. Ngf3 Bxc5 8.
O-O O-O 9. Nb3 Qc7 10. Nxc5 Qxc5 11. Qe2 Nc6 12. e4 Nd4 13. Nxd4 Qxd4 14. Bd3
Rd8 15. Rd1 e5 16. Be3 Qb4 17. Rac1 b6 18. a3 Qe7 19. Bd2 a5 20. Be3 Rd6 21.
Bb5 Bb7 22. Rxd6 Qxd6 23. Rd1 Qe6 24. f3 h6 25. Qd3 Rc8 26. Ba4 Bc6 27. Bb3 Qe7
28. Bxb6 Qb7 29. Qe3 a4 30. Bc4 Bxe4 31. Bxf7+ Kxf7 32. fxe4 Rc6 33. Bd8 Qxb2
34. Qa7+ Kg6 35. Bxf6 Rxf6 36. Qc5 Qe2 37. Rc1 Qxe4 38. Qc2 Qxc2 39. Rxc2 Rf4
40. Rc3 Kf5 41. g3 Rd4 42. h3 Ke4 43. Kf2 Rd2+ 44. Ke1 Ra2 45. Rc7 g5 46. Rh7
Rxa3 47. Rxh6 Rxg3 48. h4 Ke3 49. Kf1 Rf3+ 50. Kg2 gxh4 51. Rxh4 e4 52. Rh8 a3
53. Ra8 Rf2+ 54. Kg3 Ra2 55. Ra7 Ra1 56. Kg2 a2 57. Ra8 Ke2 58. Ra7 e3 59. Ra8
Kd3 60. Rd8+ 0-1

[Event "Deutsche Ländermeisterschaft 2017"]
[Site "Hannover GER"]
[Date "2017.10.01"]
[Round "2"]
[White "Leser, Katrin"]
[Black "Tham, Minh"]
[Result "1-0"]
[Termination "normal"]
[Board "4.5"]
[WhiteElo "1893"]
[BlackElo "1806"]
[WhiteClock "00:01:08"]
[BlackClock "00:09:31"]
[WhiteTeam "Württemberg"]
[BlackTeam "Berlin"]
[PlyCount "81"]
[WhiteFideId "12997692"]
[BlackFideId "12997323"]
[EventCountry "GER"]
[EventRounds "7"]
[EventType "team-swiss"]
[EventDate "2017.09.29"]

1. e4 {[%clk 1:30:57]} e5 {[%clk 1:30:56]} 2. Nf3 {[%clk 1:31:23]} Nc6 {[%clk
1:31:20]} 3. Bb5 {[%clk 1:31:38]} a6 {[%clk 1:31:44]} 4. Ba4 {[%clk 1:32:04]}
Nf6 {[%clk 1:32:07]} 5. O-O {[%clk 1:32:26]} Be7 {[%clk 1:32:32]} 6. Re1 {[%clk
1:32:48]} b5 {[%clk 1:32:56]} 7. Bb3 {[%clk 1:33:13]} d6 {[%clk 1:33:19]} 8. c3
{[%clk 1:33:28]} O-O {[%clk 1:33:43]} 9. h3 {[%clk 1:33:54]} Na5 {[%clk
1:33:48]} 10. Bc2 {[%clk 1:34:07]} c5 {[%clk 1:34:04]} 11. d4 {[%clk 1:34:26]}
Qc7 {[%clk 1:34:13]} 12. Nbd2 {[%clk 1:34:36]} Bd7 {[%clk 1:34:34]} 13. Nf1
{[%clk 1:31:40]} cxd4 {[%clk 1:34:41]} 14. cxd4 {[%clk 1:31:41]} Rac8 {[%clk
1:34:59]} 15. Bd3 {[%clk 1:29:50]} Nc6 {[%clk 1:32:37]} 16. Be3 {[%clk
1:12:34]} Rfe8 {[%clk 1:25:49]} 17. Rc1 {[%clk 1:06:23]} Qb7 {[%clk 1:23:35]}
18. Ng3 {[%clk 0:57:23]} h6 {[%clk 1:19:47]} 19. Qe2 {[%clk 0:52:16]} Bf8
{[%clk 1:18:55]} 20. a3 {[%clk 0:42:51]} g6 {[%clk 1:15:14]} 21. d5 {[%clk
0:31:52]} Ne7 {[%clk 1:12:16]} 22. Nh2 {[%clk 0:27:02]} Bg7 {[%clk 1:11:29]}
23. Qd2 {[%clk 0:24:17]} Kh7 {[%clk 1:07:47]} 24. f4 {[%clk 0:22:54]} exf4
{[%clk 0:52:45]} 25. Bxf4 {[%clk 0:23:16]} Nfg8 {[%clk 0:50:15]} 26. Kh1 {[%clk
0:21:40]} Qb6 {[%clk 0:47:31]} 27. Qb4 {[%clk 0:18:49]} a5 {[%clk 0:46:17]} 28.
Qxd6 {[%clk 0:13:23]} Qxd6 {[%clk 0:45:53]} 29. Bxd6 {[%clk 0:13:43]} Bxb2
{[%clk 0:45:43]} 30. Rb1 {[%clk 0:12:58]} Rc3 {[%clk 0:33:40]} 31. Bxb5 {[%clk
0:10:48]} Bxb5 {[%clk 0:31:00]} 32. Rxb2 {[%clk 0:11:10]} Nc8 {[%clk 0:29:23]}
33. Bf4 {[%clk 0:08:31]} Bc4 {[%clk 0:25:15]} 34. Nf3 {[%clk 0:04:47]} Rxa3
{[%clk 0:23:23]} 35. Rb7 {[%clk 0:03:30]} g5 {[%clk 0:18:58]} 36. Bc1 {[%clk
0:02:18]} Ra1 {[%clk 0:14:41]} 37. Rxf7+ {[%clk 0:02:10]} Kg6 {[%clk 0:14:40]}
38. Rg7+ {[%clk 0:01:26]} Kxg7 {[%clk 0:14:26]} 39. Bb2+ {[%clk 0:01:50]} Kh7
{[%clk 0:11:35]} 40. Rxa1 {[%clk 0:02:09]} Nge7 {[%clk 0:09:31]} 41. Rxa5
{[%clk 0:01:08]} 1-0

[Event "Deutsche Ländermeisterschaft 2017"]
[Site "Hannover GER"]
[Date "2017.10.01"]
[Round "2"]
[White "Schnabel, Luise"]
[Black "Kobald, Jacqueline"]
[Result "1-0"]
[Termination "normal"]
[Board "4.6"]
[WhiteElo "1672"]
[BlackElo "1833"]
[WhiteClock "00:00:51"]
[BlackClock "00:02:12"]
[WhiteTeam "Berlin"]
[BlackTeam "Württemberg"]
[PlyCount "81"]
[WhiteFideId "12943347"]
[BlackFideId "12988162"]
[EventCountry "GER"]
[EventRounds "7"]
[EventType "team-swiss"]
[EventDate "2017.09.29"]

1. e4 {[%clk 1:30:57]} c5 {[%clk 1:30:55]} 2. Nf3 {[%clk 1:31:21]} e6 {[%clk
1:31:18]} 3. d4 {[%clk 1:31:43]} cxd4 {[%clk 1:31:43]} 4. Nxd4 {[%clk 1:32:00]}
Nc6 {[%clk 1:32:02]} 5. c4 {[%clk 1:27:20]} Nf6 {[%clk 1:30:35]} 6. Nc3 {[%clk
1:26:44]} Bb4 {[%clk 1:30:43]} 7. f3 {[%clk 1:22:00]} a6 {[%clk 1:26:47]} 8.
Nc2 {[%clk 1:15:47]} Ba5 {[%clk 1:16:16]} 9. Be3 {[%clk 1:11:01]} d6 {[%clk
1:05:19]} 10. Be2 {[%clk 1:07:56]} O-O {[%clk 1:05:04]} 11. O-O {[%clk
1:07:35]} Rb8 {[%clk 1:01:07]} 12. a3 {[%clk 1:00:40]} Bxc3 {[%clk 0:46:46]}
13. bxc3 {[%clk 1:00:57]} b6 {[%clk 0:47:01]} 14. Qe1 {[%clk 0:53:30]} Qc7
{[%clk 0:41:50]} 15. Qf2 {[%clk 0:42:50]} Ne5 {[%clk 0:39:16]} 16. Rfd1 {[%clk
0:38:30]} Rd8 {[%clk 0:30:08]} 17. Rab1 {[%clk 0:37:09]} Nxc4 {[%clk 0:24:58]}
18. Bxc4 {[%clk 0:36:55]} Qxc4 {[%clk 0:25:26]} 19. Rxb6 {[%clk 0:34:35]} Rxb6
{[%clk 0:25:21]} 20. Bxb6 {[%clk 0:34:55]} Rd7 {[%clk 0:25:40]} 21. Qd4 {[%clk
0:29:19]} Qb3 {[%clk 0:22:28]} 22. Rd2 {[%clk 0:23:32]} Qb1+ {[%clk 0:17:01]}
23. Kf2 {[%clk 0:23:43]} Qh1 {[%clk 0:16:45]} 24. h3 {[%clk 0:12:11]} Qb1
{[%clk 0:11:27]} 25. Qb4 {[%clk 0:09:50]} Qxb4 {[%clk 0:11:21]} 26. cxb4 {[%clk
0:09:31]} Bb7 {[%clk 0:10:28]} 27. Ke2 {[%clk 0:08:35]} Kf8 {[%clk 0:08:31]}
28. Ne3 {[%clk 0:08:34]} Nh5 {[%clk 0:07:10]} 29. Nc4 {[%clk 0:07:24]} Ke7
{[%clk 0:03:28]} 30. Ke3 {[%clk 0:06:22]} d5 {[%clk 0:03:06]} 31. Ne5 {[%clk
0:06:19]} d4+ {[%clk 0:02:45]} 32. Bxd4 {[%clk 0:06:09]} Rd8 {[%clk 0:02:10]}
33. Bc5+ {[%clk 0:06:20]} Ke8 {[%clk 0:02:09]} 34. Rxd8+ {[%clk 0:06:18]} Kxd8
{[%clk 0:02:37]} 35. Nxf7+ {[%clk 0:06:38]} Kd7 {[%clk 0:01:57]} 36. Nd6 {[%clk
0:05:45]} Bc6 {[%clk 0:02:00]} 37. Nc4 {[%clk 0:03:51]} Nf6 {[%clk 0:01:49]}
38. Ne5+ {[%clk 0:03:52]} Kc7 {[%clk 0:01:24]} 39. Nxc6 {[%clk 0:03:14]} Kxc6
{[%clk 0:01:51]} 40. Bd4 {[%clk 0:01:05]} Ne8 {[%clk 0:02:12]} 41. a4 {[%clk
0:00:51]} 1-0

[Event "Deutsche Ländermeisterschaft 2017"]
[Site "Hannover GER"]
[Date "2017.10.01"]
[Round "2"]
[White "Reindl, Jork"]
[Black "Tham, Nam"]
[Result "1/2-1/2"]
[Termination "normal"]
[Board "4.7"]
[WhiteElo "1509"]
[BlackElo "1683"]
[WhiteClock "00:11:44"]
[BlackClock "01:14:49"]
[WhiteTeam "Württemberg"]
[BlackTeam "Berlin"]
[PlyCount "67"]
[WhiteFideId "16200152"]
[BlackFideId "12997331"]
[EventCountry "GER"]
[EventRounds "7"]
[EventType "team-swiss"]
[EventDate "2017.09.29"]

1. e4 {[%clk 1:30:58]} e5 {[%clk 1:30:49]} 2. Nf3 {[%clk 1:31:24]} Nc6 {[%clk
1:31:06]} 3. Bc4 {[%clk 1:31:43]} Bc5 {[%clk 1:31:27]} 4. d3 {[%clk 1:25:56]}
Nf6 {[%clk 1:31:15]} 5. Bg5 {[%clk 1:24:03]} d6 {[%clk 1:30:04]} 6. Nc3 {[%clk
1:23:24]} Na5 {[%clk 1:29:52]} 7. Bb3 {[%clk 1:23:18]} Nxb3 {[%clk 1:30:11]} 8.
axb3 {[%clk 1:23:12]} c6 {[%clk 1:30:37]} 9. h3 {[%clk 1:15:48]} Bb6 {[%clk
1:29:59]} 10. O-O {[%clk 1:09:53]} h6 {[%clk 1:28:49]} 11. Be3 {[%clk 1:04:28]}
O-O {[%clk 1:28:00]} 12. Qd2 {[%clk 0:59:07]} Be6 {[%clk 1:25:42]} 13. Kh1
{[%clk 0:52:34]} Nh7 {[%clk 1:25:43]} 14. Rg1 {[%clk 0:50:01]} Qf6 {[%clk
1:25:38]} 15. Bxb6 {[%clk 0:46:46]} axb6 {[%clk 1:26:03]} 16. Qe3 {[%clk
0:45:42]} Ng5 {[%clk 1:25:07]} 17. Nxg5 {[%clk 0:45:20]} hxg5 {[%clk 1:25:16]}
18. Rxa8 {[%clk 0:43:05]} Rxa8 {[%clk 1:25:42]} 19. Qxb6 {[%clk 0:40:56]} g4
{[%clk 1:24:52]} 20. Qe3 {[%clk 0:39:11]} Qh4 {[%clk 1:23:35]} 21. Qg3 {[%clk
0:37:43]} Qh5 {[%clk 1:23:53]} 22. Kh2 {[%clk 0:35:52]} g6 {[%clk 1:23:45]} 23.
f3 {[%clk 0:33:34]} gxh3 {[%clk 1:24:05]} 24. gxh3 {[%clk 0:33:25]} Kg7 {[%clk
1:24:22]} 25. Kg2 {[%clk 0:33:02]} Qh6 {[%clk 1:24:45]} 26. h4 {[%clk 0:31:42]}
Qd2+ {[%clk 1:24:51]} 27. Qf2 {[%clk 0:31:36]} Qf4 {[%clk 1:24:42]} 28. Qg3
{[%clk 0:30:57]} Qd2+ {[%clk 1:24:15]} 29. Qf2 {[%clk 0:31:08]} Qh6 {[%clk
1:24:38]} 30. d4 {[%clk 0:21:56]} Rh8 {[%clk 1:24:59]} 31. dxe5 {[%clk
0:21:39]} dxe5 {[%clk 1:25:21]} 32. Qg3 {[%clk 0:18:33]} Qd2+ {[%clk 1:25:09]}
33. Qf2 {[%clk 0:13:50]} Qf4 {[%clk 1:14:49]} 34. Rh1 {[%clk 0:11:44]} 1/2-1/2

[Event "Deutsche Ländermeisterschaft 2017"]
[Site "Hannover GER"]
[Date "2017.10.01"]
[Round "2"]
[White "Zhou, Lepu Coco"]
[Black "Liu, Sijia Anna"]
[Result "1/2-1/2"]
[Termination "normal"]
[Board "4.8"]
[WhiteElo "1585"]
[BlackElo "1577"]
[WhiteClock "00:39:58"]
[BlackClock "00:21:23"]
[WhiteTeam "Berlin"]
[BlackTeam "Württemberg"]
[PlyCount "60"]
[WhiteFideId "16217136"]
[BlackFideId "12989746"]
[EventCountry "GER"]
[EventRounds "7"]
[EventType "team-swiss"]
[EventDate "2017.09.29"]

1. e4 {[%clk 1:30:59]} c5 {[%clk 1:30:52]} 2. Nf3 {[%clk 1:31:24]} e6 {[%clk
1:31:14]} 3. d4 {[%clk 1:31:33]} cxd4 {[%clk 1:31:38]} 4. Nxd4 {[%clk 1:31:30]}
Nc6 {[%clk 1:31:47]} 5. c4 {[%clk 1:30:23]} Nf6 {[%clk 1:31:21]} 6. Nc3 {[%clk
1:29:38]} Bb4 {[%clk 1:30:33]} 7. Nxc6 {[%clk 1:27:48]} bxc6 {[%clk 1:30:28]}
8. Bd3 {[%clk 1:27:12]} d5 {[%clk 1:26:20]} 9. cxd5 {[%clk 1:21:32]} Bxc3+
{[%clk 1:19:23]} 10. bxc3 {[%clk 1:21:22]} cxd5 {[%clk 1:18:56]} 11. e5 {[%clk
1:18:29]} Nd7 {[%clk 1:16:31]} 12. Bb5 {[%clk 1:12:16]} Qa5 {[%clk 1:12:15]}
13. Bxd7+ {[%clk 1:04:49]} Bxd7 {[%clk 1:12:26]} 14. Bd2 {[%clk 1:04:03]} Qa4
{[%clk 1:01:19]} 15. Qxa4 {[%clk 1:03:31]} Bxa4 {[%clk 1:01:40]} 16. Rb1 {[%clk
1:03:46]} Bc6 {[%clk 1:01:07]} 17. Rb4 {[%clk 1:00:09]} Kd7 {[%clk 0:53:31]}
18. f3 {[%clk 0:55:07]} Rab8 {[%clk 0:52:16]} 19. Kf2 {[%clk 0:52:59]} Kc7
{[%clk 0:40:33]} 20. Rhb1 {[%clk 0:50:13]} a5 {[%clk 0:38:34]} 21. Rxb8 {[%clk
0:50:19]} Rxb8 {[%clk 0:38:59]} 22. Rxb8 {[%clk 0:50:38]} Kxb8 {[%clk 0:39:25]}
23. Ke3 {[%clk 0:50:37]} Kb7 {[%clk 0:37:57]} 24. Kd4 {[%clk 0:50:15]} Kb6
{[%clk 0:36:49]} 25. Bc1 {[%clk 0:46:45]} Bb5 {[%clk 0:32:30]} 26. Ba3 {[%clk
0:39:20]} Bc4 {[%clk 0:28:33]} 27. Bc5+ {[%clk 0:39:31]} Kb5 {[%clk 0:27:57]}
28. a3 {[%clk 0:39:47]} Ka4 {[%clk 0:24:23]} 29. Bb6 {[%clk 0:40:07]} Kb5
{[%clk 0:23:13]} 30. Bd8 {[%clk 0:39:58]} Bf1 {[%clk 0:21:23]} 1/2-1/2